Netransponované vonkajšie elektrické vedenia
Saved in:
| Main Author: | |
|---|---|
| Other Authors: | |
| Format: | Manuscript Book |
| Language: | Slovak |
| Published: |
Bratislava :
STU v Bratislave FEI,
2025
|
| Subjects: | |
| Online Access: | https://opac.crzp.sk/?fn=detailBiblioFormChildQ11LNEP&sid=BA75C2D62745AD5727E9939ED92F&seo=CRZP-detail-kniha |
| Tags: |
No Tags, Be the first to tag this record!
|
MARC
| LEADER | 00000ntm a22000003a 4500 | ||
|---|---|---|---|
| 001 | stuzp102085 | ||
| 003 | SK-STU | ||
| 005 | 20260203092228.1 | ||
| 007 | ta | ||
| 008 | 150427s2015----xo-----f-mn---000-0-slo-d | ||
| 040 | |a STU |b slo | ||
| 041 | 0 | |a slo | |
| 044 | |a xo | ||
| 100 | 1 | |a Belkin, Georgiy |u 032000 |4 aut |U FEI Fakulta elektrotechniky a informatiky |T FEI Ústav elektroenergetiky a aplikovanej elektrotechniky |X 122651 |U E020 |Y 548 |7 122651 | |
| 242 | 0 | 1 | |a Untransposed Overhead Power Lines |y eng |
| 245 | 1 | 0 | |a Netransponované vonkajšie elektrické vedenia |
| 260 | |a Bratislava : |b STU v Bratislave FEI, |c 2025 | ||
| 300 | |a 55 s. | ||
| 650 | 4 | |a Netransponované vedenia |2 slo | |
| 650 | 4 | |a Transpozícia |2 slo | |
| 650 | 4 | |a Vonkajšie elektrické vedenia |2 slo | |
| 650 | 4 | |a Nesymetria |2 slo | |
| 650 | 4 | |a Untransposed power lines |2 eng | |
| 650 | 4 | |a Transposition |2 eng | |
| 650 | 4 | |a Overhead power lines |2 eng | |
| 650 | 4 | |a Unbalance |2 eng | |
| 700 | 1 | |a Cenký, Matej |u 032000 |k Z2 |4 ths |U FEI Fakulta elektrotechniky a informatiky |T FEI Ústav elektroenergetiky a aplikovanej elektrotechniky |X 6076 |U E020 |Y 548 |7 A000006076 | |
| 856 | 4 | |u https://opac.crzp.sk/?fn=detailBiblioFormChildQ11LNEP&sid=BA75C2D62745AD5727E9939ED92F&seo=CRZP-detail-kniha | |